Language Quiz

Random Language or Europe Quiz
Score 0/23 Timer 03:00
0 Plays Today
% Correct
CON
91.6%
CAN
90%
MAN
89.7%
MON
88.5%
MOO
86.5%
COO
85.4%
MOA
79.7%
CAM
79.2%
MAC
75%
MOON
74.3%
NOM
71.8%
MOC
71.5%
% Correct
COON
70.4%
NOO
65.7%
NAM
63.8%
MOAN
61.2%
COMA
56.2%
CAMO
43.5%
MONO
35.9%
MANO
32.6%
OCA
29.2%
NOMA
18%
MACON
13.3%

You're not logged in!

Compare scores with friends on all Sporcle quizzes.
OR
Log In

Sporcle TV

Today on Sporcle TV


Watch our educational content, quiz creation guides, and fun videos on Sporcle TV.

Show Comments

Extras

Top Quizzes Today


Score Distribution

Paid Content

Your Account Isn't Verified!

In order to create a playlist on Sporcle, you need to verify the email address you used during registration. Go to your Sporcle Settings to finish the process.

Report this User

Report this user for behavior that violates our Community Guidelines.

Details: